000 01690nam a2200325 c 4500
003 BLK
005 20180422110309.0
008 180409b bul|||||r ||||||| ||bul||
010 _aKNG00120741000
040 _aBLK
041 _aBUL
_cBUL
080 _aХудожествена обработка на дърво - Обгаряне (пирография), мозайка (интарзия), стругуване, резбарство, лакиране (Палех, Холуй, Жостово, Мстера, Федоскин
_b745.51
_x(497.2)
_z745.51(497.2)
100 1 _aАнгелов, Валентин Ангелов
_eпърви автор
_9365441
139 _aАнгелов, Валентин Ангелов
_bА 64
245 1 0 _aВъзрожденска църковна дърворезба
_bСемант. анализ
_cВалентин Ангелов Ангелов.
257 _aBGR
260 София
_bБАН
_c1986
300 _a176 с.
_bс ил., 12 л. ил.
_c29 см
380 _a7
500 _aАвт. не е отбелязан на кор. - Изд. на БАН. Инст. за изкуствознание. - Библиогр. с. 164-165 ; Рез. на рус., англ. ез.
650 4 _aДърворезба, българска, възрожденска
_9261632
650 4 _aДърворезба, българска, църковна - България
_9242788
653 _aдърворезба
653 _aВъзраждане
852 _aЦб ІІ 6873
856 4 _qpdf
_u
856 4 _qpdf
_u
942 _cKNG
_n0
944 _aCR
_c12.01.2011
_lдобави в АБ / 11.01.2011
_kИрена_Линкова
944 _aED
_c05.10.2012
_lдобави в АБ / 11.01.2011
_k
999 _c115264
_d115264